| 000 | 00538nam a22001697a 4500 | ||
|---|---|---|---|
| 003 | NUST - PNEC | ||
| 005 | 20170116181055.0 | ||
| 008 | 150930b xxu||||| |||| 00| 0 eng d | ||
| 020 | _a- | ||
| 040 | _cLIBRARY | ||
| 082 | _a621.9 BOW | ||
| 100 |
_912046 _aBower C.T |
||
| 245 |
_aAids to workshop practice : over 260 workshop ideas, gadgets, and hints for the engineer, mechanic, machinist, home craftsman and toolusers generally _cC.T Bower |
||
| 260 | _cc.1958 | ||
| 650 |
_912048 _aMachine-shop practice _xME, IME |
||
| 942 |
_2ddc _cBK |
||
| 999 |
_c68533 _d68533 |
||